| 000 | 01762nam a22002657a 4500 | ||
|---|---|---|---|
| 003 | Uzh_bibl | ||
| 008 | 260629b |||||||| |||| 00| 0 ukr d | ||
| 020 | _c0.90 | ||
| 040 | _aукр. | ||
| 041 |
_2ukr _aukr |
||
| 080 | _a821(477) | ||
| 090 |
_a821(477) _bГ 85 |
||
| 100 | _aГрищук, Броніслав | ||
| 245 |
_aСтанція сподівань _hТекст |
||
| 260 |
_bРадянський письменник _aКиїв _c1984 |
||
| 300 |
_a255 с. _fВ опр. |
||
| 490 | _aСерія "Бібліотека "Сучасний роман" | ||
| 520 | _aДруге народження людини, творчої особистості в праці головна тема гостросучасного, написаного в лірико-психологічній манері роману українського радянського прозаїка. В трудовому колективі робітників цукрового заводу художник Петро Найда знаходить і вірних друзів-товаришів, і справжнє кохання, і нову мистецьку снагу. Боротьба за чистоту природи, внутрішнього світу людини, наших високих суспільних ідеалів - такі горизонти твору. | ||
| 521 | _aДля широкого кола читачів | ||
| 546 | _aукр. | ||
| 650 |
_aЛітературно-художнє видання _y1980-ті роки _zУкраїна |
||
| 653 |
_aПраця _aХудожник _aКохання _aПрирода _aДружба |
||
| 655 |
_aСоціально-психологічний роман _vРоман |
||
| 942 |
_2udc _cBK |
||
| 999 |
_c18593 _d18593 |
||